| 000 | 00629nam a2200157 a 4500 | ||
|---|---|---|---|
| 001 | 000032457 | ||
| 005 | 20200930065642.0 | ||
| 008 | 110718s1912 dr 000 0 spa d | ||
| 040 |
_aDO-SdBNP _bspa _cBNPHU |
||
| 082 |
_axxx _bL991c |
||
| 100 | 1 |
_aLyon, Julio Ernesto _958411 |
|
| 245 | 1 | 0 |
_aContribución al estudio de la litiasis urinaria en los niños / _cJulio Ernesto Lyon. |
| 260 |
_aSanto Domingo : _bLa Cuna de América, _c1912. |
||
| 300 |
_a47 p. ; _c24 cm. |
||
| 500 | _aOriginalmente presentada como tesis para optar para la licenciatura en la facultad de medicina y cirugía en el Instituto Profesional de Santo Domingo. | ||
| 999 |
_c31948 _d31948 |
||